| 000 | 01281nam a2200241Ia 4500 | ||
|---|---|---|---|
| 003 | Ost | ||
| 005 | 20260507075718.0 | ||
| 008 | 260507s9999||||xx |||||||||||||| ||und|| | ||
| 020 | _a9789931748533 | ||
| 040 | _cfsecg | ||
| 041 | _aara | ||
| 082 | _a332.6 | ||
| 100 |
_aبن منصور، موسى _eمؤلف |
||
| 245 | 0 |
_aإدارة المحافظ المالية : _bدروس وتطبيقات مدعومة بمسائل وتمارين محلولة وأخرى مقترحة / _c موسى بن منصور |
|
| 250 | _aمزيدة ومنقحة | ||
| 260 |
_aالجزائر: _bدار الباحث للنشر والإشهار, _c2022 |
||
| 300 |
_a351 صفحة؛ _bإيضاحات ؛ _c24 سم |
||
| 504 | _aمراجع ص.339 | ||
| 520 | _aمفاهيم وأساسيات حول الاستثمار في المحفظة المالية، عائد ومخاطر الاستثمار في المحفظة المالية،المحفظة المالية المثلى ونظرية الكمنفعة، ونماذج الربط بين العائد والمخاطرة وتقييم أداء المحافظ المالية، مسائل وتطبيقات حول اختيار المحفظة المالية. | ||
| 653 | _aالاستثمار | ||
| 653 | _aالمحافظ المالية | ||
| 942 | _cكتاب | ||
| 999 |
_c45929 _d45929 |
||